Städte und Gemeinden der Metropolregion Rhein-Neckar - Sudden Death - Statistiken

Allgemein
  • Dieses Quiz wurde 54 mal gespielt
  • Das Durchschnittsergebnis liegt bei 6 aus 15
Answers on the Grid
Answers color-coded by a green-red scale on the quiz's grid according to % correct below.
Frankenthal (Pfalz)
Kaiserslautern
Rastatt
Heppenheim (Bergstraße)
Alzey
Schifferstadt
Wiesloch
Heilbronn
Speyer
Bruchsal
Schwetzingen
Mainz
Groß-Gerau
Weinheim
Neckargemünd
Mosbach (Baden)
Neustadt (Weinstraße)
Eppingen
Pforzheim
Darmstadt
Mutterstadt
Landau (Pfalz)
Kirchheimbolanden
Edenkoben
Philippsburg (Baden)
Nierstein
Wörth (Rhein)
Bad Rappenau
Bad Kreuznach
Hockenheim
 
Antwortstatistiken
Antwort % Korrekt
Schwetzingen
58%
Heppenheim (Bergstraße)
53%
Speyer
53%
Weinheim
53%
Frankenthal (Pfalz)
47%
Neckargemünd
44%
Wiesloch
44%
Hockenheim
42%
Neustadt (Weinstraße)
33%
Schifferstadt
33%
Mosbach (Baden)
31%
Mutterstadt
31%
Landau (Pfalz)
22%
Edenkoben
14%
Wörth (Rhein)
14%
Keine übereinstimmenden Quizze gefunden
Verteilung der Resultate
Anzahl Personen mit jedem Resultat
Perzentil nach korrekt beantworteten Fragen
Ihre Resultats-Entwicklung
Sie haben dieses Quiz noch nicht gespielt